000 00390nmm a2200145Ia 4500
008 251105s9999||||xx |||||||||||||||||und||
041 _aspa
100 _aKerr, Samantha
245 0 _aDame una oportunidad
264 _a[Madrid, España] :
_bEdiciones B,
_c2016
300 _a262 páginas
650 _aRomance
856 _uhttps://public.digitaliapublishing.com/a/53654
942 _cCF
999 _c106211
_d106211